[Event "2. Bundesliga West 2019/20"]
[Site "Kufstein; NMS II, Sporthalle Fischergries"]
[Date "2020.03.06"]
[Round "9"]
[Board "6"]
[White "Notegger, Phil"]
[Black "Lederwasch, Bernhard"]
[Result "0-1"]
[WhiteElo "1577"]
[BlackElo "2166"]
[PlyCount "100"]
[EventDate "2019.10.04"]
[EventType "team"]
[EventRounds "11"]
[EventCountry "AUT"]
[WhiteTeam "Wolfurt"]
[BlackTeam "Jenbach 2"]

1. e4 c5 2. Nf3 d6 3. d4 cxd4 4. Nxd4 Nf6 5. Nc3 a6 6. Be3 Ng4 7. Bc1 e5 8. Nf3
Qb6 9. Qd2 Be6 10. h3 Nf6 11. Ng5 Qc7 12. b3 Nc6 13. Bb2 Nd4 14. O-O-O Rc8 15.
Kb1 b5 16. Rc1 Qa5 17. Rd1 b4 18. Nd5 Bxd5 19. Bxd4 Bb7 20. Bb2 h6 21. Nf3 Nxe4
22. Qe3 Nc3+ 23. Bxc3 bxc3 24. a4 Be7 25. Ne1 O-O 26. f3 Bc6 27. Qa7 Rc7 28.
Qxa6 Qxa6 29. Bxa6 Ra8 30. Bc4 d5 31. Bxd5 Rd8 32. Bxf7+ Kxf7 33. Rxd8 Bxd8 34.
Nd3 e4 35. Ne5+ Ke6 36. Nxc6 Rxc6 37. Re1 Kd7 38. Rxe4 Re6 39. Rxe6 Kxe6 40.
Kc1 Ke5 41. Kd1 Kf4 42. Ke2 Kg3 43. Kf1 Ba5 44. Kg1 g5 45. Kf1 h5 46. Kg1 h4
47. Kf1 Kh2 48. Kf2 Bb6+ 49. Kf1 Bc5 50. a5 Kg3  0-1

[Event "2. Bundesliga West 2019/20"]
[Site "Kufstein; NMS II, Sporthalle Fischergries"]
[Date "2020.03.06"]
[Round "9"]
[Board "1"]
[White "Moroder, Stefan"]
[Black "Frank, Emanuel"]
[Result "1/2-1/2"]
[WhiteElo "2255"]
[BlackElo "2295"]
[PlyCount "80"]
[EventDate "2019.10.04"]
[EventType "team"]
[EventRounds "11"]
[EventCountry "AUT"]
[WhiteTeam "Rochade/Rum"]
[BlackTeam "ASK Salzburg"]

1. d4 d5 2. Nf3 Nf6 3. c4 e6 4. g3 Bb4+ 5. Bd2 Bd6 6. Bg2 c6 7. O-O Nbd7 8. Bf4
Bxf4 9. gxf4 O-O 10. Nbd2 b6 11. Rc1 Bb7 12. a3 c5 13. dxc5 Nxc5 14. b4 Nce4
15. Nxe4 Nxe4 16. cxd5 Bxd5 17. Qd4 Qf6 18. Qxf6 gxf6 19. Nd4 Rac8 20. Bxe4
Bxe4 21. f3 Bd5 22. Kf2 Rfd8 23. Ke3 Kf8 24. Rxc8 Rxc8 25. Kd2 f5 26. Rc1 Rxc1
27. Kxc1 Ke7 28. Kd2 a6 29. Kc3 f6 30. Nc2 Kd6 31. Nd4 Bb7 32. Kc4 Bd5+ 33. Kc3
Bb7 34. Kc4 Bd5+ 35. Kc3 Bb7 36. Kc4 Bd5+ 37. Kd3 Bb7 38. Kc4 Bc8 39. Nc2 Bb7
40. Nd4 Bd5+  1/2-1/2

[Event "2. Bundesliga West 2019/20"]
[Site "Kufstein; NMS II, Sporthalle Fischergries"]
[Date "2020.03.06"]
[Round "9"]
[Board "2"]
[White "Burschowsky, Matthias"]
[Black "Jedinger, Andreas"]
[Result "0-1"]
[WhiteElo "2249"]
[BlackElo "2092"]
[PlyCount "74"]
[EventDate "2019.10.04"]
[EventType "team"]
[EventRounds "11"]
[EventCountry "AUT"]
[WhiteTeam "ASK Salzburg"]
[BlackTeam "Rochade/Rum"]

1. c4 e5 2. g3 Nf6 3. Bg2 Nc6 4. Nc3 Bb4 5. Nd5 Bc5 6. e3 O-O 7. Ne2 Re8 8. O-O
d6 9. d3 a5 10. h3 h6 11. Kh2 Bf5 12. a3 Ba7 13. Nec3 Nxd5 14. cxd5 Nb8 15. e4
Bg6 16. f4 exf4 17. gxf4 f5 18. Qf3 Nd7 19. Qg3 Qf6 20. Bd2 c6 21. Rae1 Rac8
22. e5 dxe5 23. fxe5 Nxe5 24. Ne2 Bf7 25. Bc3 Bb8 26. Kh1 Bxd5 27. Bxd5+ cxd5
28. Qg2 Kh7 29. Nf4 Qf7 30. Nxd5 Rcd8 31. Nf4 g5 32. d4 Nc4 33. Rxe8 Rxe8 34.
Nh5 Ne3 35. Nf6+ Qxf6 36. Qxb7+ Re7 37. d5 Rxb7  0-1

[Event "2. Bundesliga West 2019/20"]
[Site "Kufstein; NMS II, Sporthalle Fischergries"]
[Date "2020.03.06"]
[Round "9"]
[Board "3"]
[White "Berchtold, Clemens"]
[Black "Besner, Bernhard"]
[Result "1/2-1/2"]
[WhiteElo "2050"]
[BlackElo "2155"]
[PlyCount "59"]
[EventDate "2019.10.04"]
[EventType "team"]
[EventRounds "11"]
[EventCountry "AUT"]
[WhiteTeam "Rochade/Rum"]
[BlackTeam "ASK Salzburg"]

1. d4 d5 2. c4 e6 3. Nc3 c5 4. cxd5 exd5 5. Nf3 Nf6 6. Bg5 Be6 7. e3 c4 8. Be2
Bb4 9. O-O Nc6 10. Ne5 Bxc3 11. bxc3 h6 12. Bh4 g5 13. Bg3 Ne4 14. Qc2 Bf5 15.
Qb2 Qe7 16. Bh5 O-O 17. Bg4 Bxg4 18. Nxg4 h5 19. Nh6+ Kh7 20. Nf5 Qd7 21. f3
Nxg3 22. Nxg3 h4 23. Qc2+ f5 24. Nh1 Kh6 25. Nf2 Rae8 26. e4 dxe4 27. fxe4 fxe4
28. Nxe4 Qh7 29. Rxf8 Rxf8 30. Qe2  1/2-1/2

[Event "2. Bundesliga West 2019/20"]
[Site "Kufstein; NMS II, Sporthalle Fischergries"]
[Date "2020.03.06"]
[Round "9"]
[Board "4"]
[White "Juergens, Klaus"]
[Black "Kranebitter, Gerhard"]
[Result "1-0"]
[WhiteElo "2121"]
[BlackElo "2032"]
[PlyCount "81"]
[EventDate "2019.10.04"]
[EventType "team"]
[EventRounds "11"]
[EventCountry "AUT"]
[WhiteTeam "ASK Salzburg"]
[BlackTeam "Rochade/Rum"]

1. Nf3 d5 2. c4 d4 3. b4 c5 4. bxc5 Nc6 5. g3 e5 6. d3 Bxc5 7. Bg2 Bb4+ 8. Nbd2
Nge7 9. O-O O-O 10. Rb1 Ng6 11. Qa4 Qa5 12. Qxa5 Bxa5 13. Ba3 Re8 14. Ne4 Bc7
15. Nfd2 Rd8 16. Nc5 Bb6 17. Na4 Bc7 18. Rb2 Ba5 19. Nb3 Bc3 20. Rbb1 a5 21.
Bxc6 bxc6 22. Nxc3 dxc3 23. Rfc1 e4 24. dxe4 Ne5 25. Rxc3 a4 26. Nc5 Rd2 27.
Rb2 Rd4 28. Rbc2 Bh3 29. f3 Rd1+ 30. Kf2 Rh1 31. Nd3 Rxh2+ 32. Ke3 Ng6 33. Bd6
f6 34. g4 Rh1 35. Rc1 Rxc1 36. Rxc1 h5 37. Nf2 hxg4 38. fxg4 Bg2 39. Rg1 Rd8
40. c5 Nh4 41. Bg3  1-0

[Event "2. Bundesliga West 2019/20"]
[Site "Kufstein; NMS II, Sporthalle Fischergries"]
[Date "2020.03.06"]
[Round "9"]
[Board "5"]
[White "Muehlbacher, Bernhard"]
[Black "Scheiblmaier, Robert"]
[Result "0-1"]
[WhiteElo "2048"]
[BlackElo "2177"]
[PlyCount "60"]
[EventDate "2019.10.04"]
[EventType "team"]
[EventRounds "11"]
[EventCountry "AUT"]
[WhiteTeam "Rochade/Rum"]
[BlackTeam "ASK Salzburg"]

1. c4 e6 2. g3 d5 3. Bg2 Nf6 4. Nf3 Be7 5. O-O O-O 6. b3 c5 7. cxd5 exd5 8. d4
Nc6 9. Bb2 Ne4 10. Nc3 Bf6 11. Nxe4 dxe4 12. Ne5 Nxd4 13. Bxd4 Qxd4 14. Qxd4
cxd4 15. Nc4 d3 16. Rab1 dxe2 17. Rfc1 Bg4 18. Bxe4 Rad8 19. Kg2 Rd1 20. f3
e1=Q 21. Rxd1 Qe2+ 22. Kg1 Bxf3 23. Bxf3 Qxf3 24. Rd2 Be7 25. Rg2 Bc5+ 26. Kh1
Re8 27. Nd2 Qd5 28. Rf1 Re2 29. Nf3 Qxf3 30. Rxf3 Re1+  0-1

[Event "2. Bundesliga West 2019/20"]
[Site "Kufstein; NMS II, Sporthalle Fischergries"]
[Date "2020.03.06"]
[Round "9"]
[Board "6"]
[White "Herrmann, Michael"]
[Black "Babinetz, Rainer"]
[Result "0-1"]
[WhiteElo "2123"]
[BlackElo "1955"]
[PlyCount "94"]
[EventDate "2019.10.04"]
[EventType "team"]
[EventRounds "11"]
[EventCountry "AUT"]
[WhiteTeam "ASK Salzburg"]
[BlackTeam "Rochade/Rum"]

1. c4 Nf6 2. g3 c6 3. Nf3 g6 4. b3 Bg7 5. Bg2 e6 6. Bb2 O-O 7. O-O d5 8. d4
Nbd7 9. Nbd2 Re8 10. h3 Nf8 11. Qc2 b6 12. e4 Bb7 13. Rfd1 Rc8 14. Ne5 N6d7 15.
f4 f5 16. Nxd7 Nxd7 17. e5 g5 18. Nf3 gxf4 19. gxf4 Nf8 20. Bc1 Ng6 21. Be3 Kh8
22. Ng5 Qe7 23. Qf2 Rg8 24. Kh2 Bh6 25. h4 Bxg5 26. hxg5 h6 27. gxh6 Nh4 28.
Bh3 c5 29. Rg1 dxc4 30. Rg7 Rxg7 31. hxg7+ Kh7 32. Bf1 cxd4 33. Bxd4 Nf3+ 34.
Kh3 Kxg7 35. Qg3+ Kf7 36. Be2 Rh8+ 37. Kg2 Nxd4+ 38. Kf2 Nxe2 39. Kxe2 Rg8 40.
Qh3 Rg2+ 41. Ke1 Rg7 42. Qh5+ Kf8 43. Rd1 Bd5 44. Rxd5 exd5 45. Qxf5+ Rf7 46.
Qc8+ Qe8 47. Qg4 Qxe5+  0-1

[Event "2. Bundesliga West 2019/20"]
[Site "Kufstein; NMS II, Sporthalle Fischergries"]
[Date "2020.03.06"]
[Round "9"]
[Board "2"]
[White "Doskocil, Klaus"]
[Black "Zelcic, Robert"]
[Result "0-1"]
[WhiteElo "2188"]
[BlackElo "2508"]
[PlyCount "70"]
[EventDate "2019.10.04"]
[EventType "team"]
[EventRounds "11"]
[EventCountry "AUT"]
[WhiteTeam "Pradl"]
[BlackTeam "Schwarzach"]

1. e4 c5 2. Nf3 Nf6 3. e5 Nd5 4. c3 d6 5. d4 cxd4 6. cxd4 dxe5 7. Nxe5 Nc6 8.
Nxc6 bxc6 9. Bc4 Qa5+ 10. Qd2 Qxd2+ 11. Nxd2 Nb4 12. O-O Nc2 13. Rb1 Nxd4 14.
Ne4 Bf5 15. Re1 e6 16. Bd2 Be7 17. Bc3 Nc2 18. Re2 O-O 19. Rc1 Nb4 20. Ng3 Bg6
21. Bxb4 Bxb4 22. Ba6 Rad8 23. Rxc6 Rd1+ 24. Nf1 Rfd8 25. g3 h5 26. Kg2 Ra1 27.
a3 Ba5 28. Re3 Bb6 29. Re2 Kh7 30. Nd2 Rxd2 31. Rxd2 Be4+ 32. f3 Rg1+ 33. Kh3
Bf5+ 34. Kh4 Kh6 35. g4 g5+  0-1

[Event "2. Bundesliga West 2019/20"]
[Site "Kufstein; NMS II, Sporthalle Fischergries"]
[Date "2020.03.06"]
[Round "9"]
[Board "3"]
[White "Ruecker, Benjamin"]
[Black "Wohlfahrt, Herbert"]
[Result "1/2-1/2"]
[WhiteElo "2238"]
[BlackElo "2265"]
[PlyCount "39"]
[EventDate "2019.10.04"]
[EventType "team"]
[EventRounds "11"]
[EventCountry "AUT"]
[WhiteTeam "Schwarzach"]
[BlackTeam "Pradl"]

1. c4 e6 2. Nf3 Nf6 3. Nc3 d5 4. e3 Be7 5. b3 c5 6. cxd5 exd5 7. d4 Bg4 8. Bb5+
Nc6 9. dxc5 Bxc5 10. O-O O-O 11. Bb2 Qd6 12. Na4 Bb4 13. Bxf6 Qxf6 14. Qxd5
Rad8 15. Qe4 Bxf3 16. Qxf3 Qxf3 17. gxf3 Ne5 18. f4 Nf3+ 19. Kg2 Nd2 20. Rfc1
 1/2-1/2

[Event "2. Bundesliga West 2019/20"]
[Site "Kufstein; NMS II, Sporthalle Fischergries"]
[Date "2020.03.06"]
[Round "9"]
[Board "4"]
[White "Blaas, Hansjoerg"]
[Black "Hecht, Hans-Joachim"]
[Result "0-1"]
[WhiteElo "2217"]
[BlackElo "2311"]
[PlyCount "188"]
[EventDate "2019.10.04"]
[EventType "team"]
[EventRounds "11"]
[EventCountry "AUT"]
[WhiteTeam "Pradl"]
[BlackTeam "Schwarzach"]

1. e4 d6 2. d4 g6 3. c4 Bg7 4. Nc3 c5 5. d5 Bxc3+ 6. bxc3 Qa5 7. Qb3 f5 8. exf5
Bxf5 9. Ne2 Na6 10. Ng3 Bd7 11. Bd3 O-O-O 12. O-O Nf6 13. Re1 Rde8 14. Bg5 Rhf8
15. Re2 Nc7 16. Rae1 Rf7 17. f4 Qa6 18. f5 gxf5 19. Bxf5 Bxf5 20. Nxf5 Nfxd5
21. Nxe7+ Nxe7 22. Bxe7 Kd7 23. Bg5 Rxe2 24. Rxe2 d5 25. Rd2 Qe6 26. Qd1 Rf5
27. cxd5 Rxd5 28. Bf4 Kc6 29. h3 Qe4 30. g3 b5 31. Kf2 Rxd2+ 32. Qxd2 Nd5 33.
h4 a5 34. Bg5 a4 35. a3 Qe5 36. Qd3 Nxc3 37. Qxh7 Ne4+ 38. Kf3 Nxg5+ 39. hxg5
Qxg5 40. g4 Qd5+ 41. Kf4 Qd2+ 42. Kf3 b4 43. Qg6+ Kb5 44. Qe8+ Kc4 45. Qxa4
Qd3+ 46. Kf4 Qxa3 47. Qc2+ Qc3 48. Qe2+ Qd3 49. Qxd3+ Kxd3 50. g5 b3 51. g6 b2
52. g7 b1=Q 53. g8=Q Qb4+ 54. Kg3 Qe1+ 55. Kh2 Qe5+ 56. Kh1 Qe4+ 57. Kg1 c4 58.
Qc8 c3 59. Qa6+ Ke3 60. Qh6+ Ke2 61. Qh5+ Ke1 62. Qa5 Qe3+ 63. Kh1 Qd2 64. Qf5
Qd1 65. Kg2 Qe2+ 66. Kg1 c2 67. Qf4 Qd3 68. Qb4+ Ke2 69. Qg4+ Kd2 70. Qb4+ Ke2
71. Qg4+ Kd2 72. Qb4+ Qc3 73. Qd6+ Kc1 74. Qb6 Qc4 75. Kf2 Qf4+ 76. Ke2 Qe4+
77. Kf2 Kd2 78. Qa5+ Kd1 79. Qh5+ Kc1 80. Qg5+ Kb2 81. Qb5+ Kc3 82. Qc5+ Kb3
83. Qb6+ Qb4 84. Qe3+ Ka2 85. Qe6+ Ka3 86. Qa6+ Kb2 87. Qf6+ Ka2 88. Qe6+ Kb1
89. Qg6 Qh4+ 90. Ke2 Qe7+ 91. Kd2 Qb4+ 92. Ke2 Qc4+ 93. Kd2 Qd4+ 94. Ke2 Kb2
 0-1

[Event "2. Bundesliga West 2019/20"]
[Site "Kufstein; NMS II, Sporthalle Fischergries"]
[Date "2020.03.06"]
[Round "9"]
[Board "5"]
[White "Ljubic, Juro"]
[Black "Matt, Stefan"]
[Result "1/2-1/2"]
[WhiteElo "2162"]
[BlackElo "2189"]
[PlyCount "103"]
[EventDate "2019.10.04"]
[EventType "team"]
[EventRounds "11"]
[EventCountry "AUT"]
[WhiteTeam "Schwarzach"]
[BlackTeam "Pradl"]

1. e4 e6 2. Qe2 c5 3. g3 Nc6 4. Nf3 b6 5. Bg2 Bb7 6. O-O g5 7. c3 g4 8. Ne1 h5
9. Nc2 Bg7 10. d4 cxd4 11. cxd4 Nxd4 12. Nxd4 Bxd4 13. Nc3 a6 14. Rd1 Be5 15.
Be3 Bc6 16. Bd4 Qb8 17. Qe3 Ne7 18. Bxb6 Ng6 19. Rab1 f6 20. Bd4 Kf7 21. b4
Bxd4 22. Rxd4 Qe5 23. a4 Rab8 24. Bf1 Rbd8 25. Rbd1 Ke7 26. Bxa6 h4 27. R4d2
hxg3 28. fxg3 Rh3 29. Bf1 Nh4 30. Rf2 Nf5 31. Qc5+ Qxc5 32. bxc5 Ne3 33. Rb1
Nxf1 34. Kxf1 Rh5 35. Rc1 Ra8 36. Ra2 Ra5 37. Nd1 Re5 38. Nf2 Rg5 39. Ke2 Rh5
40. Nxg4 Bxe4 41. h4 Rf5 42. Ra3 Bc6 43. Ne3 Rh5 44. Rcc3 Rxa4 45. Rxa4 Bxa4
46. Kf3 f5 47. Kf4 Rh8 48. Nc4 Kf6 49. Ne5 Rb8 50. Rc4 Bc6 51. Rd4 Rb5 52.
Nxd7+  1/2-1/2

[Event "2. Bundesliga West 2019/20"]
[Site "Kufstein; NMS II, Sporthalle Fischergries"]
[Date "2020.03.06"]
[Round "9"]
[Board "6"]
[White "Nussbaumer, Leon"]
[Black "Stoeckl, Norbert"]
[Result "0-1"]
[WhiteElo "1975"]
[BlackElo "2054"]
[PlyCount "110"]
[EventDate "2019.10.04"]
[EventType "team"]
[EventRounds "11"]
[EventCountry "AUT"]
[WhiteTeam "Pradl"]
[BlackTeam "Schwarzach"]

1. e4 c5 2. Nf3 e6 3. d4 cxd4 4. Nxd4 a6 5. Bd3 Nc6 6. Nxc6 dxc6 7. O-O e5 8.
Nd2 Ne7 9. Nc4 Ng6 10. Qh5 Bc5 11. Kh1 Qc7 12. f4 b5 13. Nxe5 Nxe5 14. fxe5 Be6
15. Bf4 Rd8 16. Rf3 h6 17. Rd1 Be7 18. Rff1 g6 19. Qe2 g5 20. Bd2 h5 21. a4 c5
22. Qe1 b4 23. Bxa6 Qxe5 24. Bb5+ Kf8 25. Be3 Rxd1 26. Qxd1 Bd6 27. Bg1 h4 28.
Qf3 Ke7 29. b3 g4 30. Qe2 Qc3 31. Bd3 h3 32. g3 Rh5 33. Bc4 Bxc4 34. Qxc4 Qxc4
35. bxc4 Ke6 36. Re1 Re5 37. Bf2 Kd7 38. Kg1 Kc6 39. Kf1 Bf8 40. Re2 Kb6 41.
Be3 f5 42. exf5 Rxf5+ 43. Bf4 Rf6 44. Rf2 Bg7 45. Ke2 Re6+ 46. Kd3 Bd4 47. Rf1
Ka5 48. Bd2 Rd6 49. Ke2 Kxa4 50. Rf8 Ka3 51. Rg8 Kb2 52. Bf4 Rd7 53. Rxg4 Kxc2
54. Rg6 b3 55. Ra6 Rb7  0-1

[Event "2. Bundesliga West 2019/20"]
[Site "Kufstein; NMS II, Sporthalle Fischergries"]
[Date "2020.03.06"]
[Round "9"]
[Board "1"]
[White "Mons, Leon"]
[Black "Srienz, Christian"]
[Result "1-0"]
[WhiteElo "2552"]
[BlackElo "2177"]
[PlyCount "128"]
[EventDate "2019.10.04"]
[EventType "team"]
[EventRounds "11"]
[EventCountry "AUT"]
[WhiteTeam "Royal Salzburg"]
[BlackTeam "SK Hoerbranz"]

1. Nf3 d5 2. e3 Nf6 3. c4 e6 4. b3 c5 5. Bb2 Nc6 6. cxd5 exd5 7. Be2 d4 8. Bb5
Bd6 9. O-O O-O 10. h3 Bc7 11. Bxc6 bxc6 12. exd4 Nd5 13. Nc3 Nf4 14. Ne2 Nd3
15. Bc3 Re8 16. dxc5 Qd5 17. Ne1 Nxc5 18. Ng3 Ne6 19. Qg4 g6 20. Ne4 Bd8 21.
Nf6+ Bxf6 22. Bxf6 Qxd2 23. Nf3 Qf4 24. Be5 Qxg4 25. hxg4 Ng5 26. Nxg5 Rxe5 27.
Nf3 Rd5 28. Nh2 Be6 29. Rfc1 Rad8 30. f3 R8d6 31. Nf1 h5 32. gxh5 Rxh5 33. Ng3
Ra5 34. Ne4 Rd3 35. Nc5 Re3 36. a4 Bxb3 37. Kf2 Rxc5 38. Rxc5 Re6 39. a5 Rd6
40. Ke3 a6 41. Ra3 Bd5 42. Ra4 Re6+ 43. Kf2 Re7 44. Rb4 Ra7 45. Rb8+ Kg7 46.
Re8 Kf6 47. Rc2 Kf5 48. Ke3 Kf6 49. Kd4 Rd7 50. Kc3 Rb7 51. Rb2 Rxb2 52. Kxb2
Bc4 53. Kc3 Bf1 54. g3 Kf5 55. Kd4 Bb5 56. Re5+ Kf6 57. f4 Ba4 58. Kc5 Bb5 59.
Kd6 Ba4 60. g4 Bb5 61. g5+ Kg7 62. Re7 Ba4 63. Rc7 Kf8 64. Rc8+ Kg7  1-0

[Event "2. Bundesliga West 2019/20"]
[Site "Kufstein; NMS II, Sporthalle Fischergries"]
[Date "2020.03.06"]
[Round "9"]
[Board "2"]
[White "Schmidlechner, Alexander"]
[Black "De Visser, Leon"]
[Result "1/2-1/2"]
[WhiteElo "2152"]
[BlackElo "2224"]
[PlyCount "57"]
[EventDate "2019.10.04"]
[EventType "team"]
[EventRounds "11"]
[EventCountry "AUT"]
[WhiteTeam "SK Hoerbranz"]
[BlackTeam "Royal Salzburg"]

1. d4 Nf6 2. c4 c5 3. Nf3 cxd4 4. Nxd4 Nc6 5. Nc3 e6 6. e3 Bb4 7. Qc2 O-O 8.
Be2 d5 9. Nxc6 bxc6 10. O-O e5 11. a3 Bd6 12. cxd5 cxd5 13. Nb5 Be6 14. Nxd6
Qxd6 15. Bd2 Rfc8 16. Qa4 Ne4 17. Bb4 Qb6 18. Ba6 Nc5 19. Bxc5 Rxc5 20. b4 Rc7
21. Rfc1 Rd8 22. Rxc7 Qxc7 23. Qd1 d4 24. exd4 Rxd4 25. Qe1 Qb6 26. Bf1 h5 27.
h3 h4 28. Qe3 f6 29. Be2  1/2-1/2

[Event "2. Bundesliga West 2019/20"]
[Site "Kufstein; NMS II, Sporthalle Fischergries"]
[Date "2020.03.06"]
[Round "9"]
[Board "3"]
[White "Durakovic, Alman"]
[Black "Engelhart, Achim"]
[Result "1-0"]
[WhiteElo "2292"]
[BlackElo "2055"]
[PlyCount "47"]
[EventDate "2019.10.04"]
[EventType "team"]
[EventRounds "11"]
[EventCountry "AUT"]
[WhiteTeam "Royal Salzburg"]
[BlackTeam "SK Hoerbranz"]

1. d4 d5 2. c4 dxc4 3. e4 Nc6 4. Be3 Nf6 5. f3 e5 6. d5 Nb4 7. a3 Nd3+ 8. Bxd3
cxd3 9. Qxd3 c6 10. Nc3 cxd5 11. exd5 Bd6 12. Nge2 O-O 13. O-O h6 14. Rac1 b6
15. Ng3 Bb7 16. Nf5 Rc8 17. Ne4 Bb8 18. Bxh6 gxh6 19. Qd2 Rxc1 20. Qxh6 Rxf1+
21. Kxf1 Ne8 22. Ng5 Qxg5 23. Qxg5+ Kh7 24. Qh6+  1-0

[Event "2. Bundesliga West 2019/20"]
[Site "Kufstein; NMS II, Sporthalle Fischergries"]
[Date "2020.03.06"]
[Round "9"]
[Board "4"]
[White "Mittelberger, Peter"]
[Black "Mueller, Philipp"]
[Result "1-0"]
[WhiteElo "2174"]
[BlackElo "2135"]
[PlyCount "65"]
[EventDate "2019.10.04"]
[EventType "team"]
[EventRounds "11"]
[EventCountry "AUT"]
[WhiteTeam "SK Hoerbranz"]
[BlackTeam "Royal Salzburg"]

1. c4 f5 2. Nc3 Nf6 3. g3 g6 4. Bg2 Bg7 5. e3 O-O 6. Nge2 d6 7. O-O e5 8. d3 c6
9. b4 Be6 10. b5 Qc7 11. bxc6 bxc6 12. Qa4 Rc8 13. Ba3 Nbd7 14. Rfc1 Bf7 15.
Rab1 e4 16. dxe4 Nb6 17. Qa6 Bxc4 18. Qa5 fxe4 19. Nf4 Re8 20. h4 Re5 21. Qb4
Bf8 22. Qb2 Bf7 23. Qe2 Qd7 24. Bb2 Re7 25. Nb5 Bg7 26. Bh3 Qd8 27. Rxc6 Ne8
28. Bxg7 Kxg7 29. Qd2 d5 30. Nd4 Nc4 31. Qc3 Kg8 32. Nfe6 Qa5 33. Rxc4  1-0

[Event "2. Bundesliga West 2019/20"]
[Site "Kufstein; NMS II, Sporthalle Fischergries"]
[Date "2020.03.06"]
[Round "9"]
[Board "5"]
[White "Horn, Sarah"]
[Black "Weidel, Albrecht"]
[Result "0-1"]
[WhiteElo "1358"]
[BlackElo "2136"]
[PlyCount "32"]
[EventDate "2019.10.04"]
[EventType "team"]
[EventRounds "11"]
[EventCountry "AUT"]
[WhiteTeam "Royal Salzburg"]
[BlackTeam "SK Hoerbranz"]

1. e4 c5 2. Nf3 d6 3. d4 cxd4 4. Nxd4 Nf6 5. Nc3 a6 6. Bc4 e6 7. Bb3 Bd7 8. O-O
Nc6 9. Kh1 Be7 10. f3 O-O 11. Be3 Rc8 12. Bf2 b5 13. a3 Na5 14. Ba2 Nc4 15. Rb1
Nxb2 16. Ncxb5 Nxd1  0-1

[Event "2. Bundesliga West 2019/20"]
[Site "Kufstein; NMS II, Sporthalle Fischergries"]
[Date "2020.03.06"]
[Round "9"]
[Board "6"]
[White "Lassahn, Holger"]
[Black "Radman, Fernando"]
[Result "1-0"]
[WhiteElo "1944"]
[BlackElo "1362"]
[PlyCount "67"]
[EventDate "2019.10.04"]
[EventType "team"]
[EventRounds "11"]
[EventCountry "AUT"]
[WhiteTeam "SK Hoerbranz"]
[BlackTeam "Royal Salzburg"]

1. e4 c5 2. Nc3 d6 3. f4 Nf6 4. Nf3 Nc6 5. Bb5 Bd7 6. Bxc6 Bxc6 7. d3 e6 8. O-O
d5 9. Ne5 Be7 10. Nxc6 bxc6 11. Qf3 O-O 12. b3 Rb8 13. Kh1 Qc7 14. Bb2 c4 15.
dxc4 dxc4 16. Rad1 Rbd8 17. Na4 cxb3 18. axb3 c5 19. Be5 Bd6 20. Rxd6 Rxd6 21.
Bxd6 Qxd6 22. e5 Qd2 23. exf6 Qxc2 24. Qg4 g5 25. Qd1 Qf5 26. Qd6 Rc8 27. Qe5
Qd3 28. Re1 Qxb3 29. Nc3 Rb8 30. h3 Rc8 31. Rb1 Qc4 32. Rb8 Qf1+ 33. Kh2 Qa6
34. Qc7  1-0

[Event "2. Bundesliga West 2019/20"]
[Site "Kufstein; NMS II, Sporthalle Fischergries"]
[Date "2020.03.07"]
[Round "10"]
[Board "1"]
[White "Fedorovsky, Michael"]
[Black "Mons, Leon"]
[Result "1/2-1/2"]
[WhiteElo "2434"]
[BlackElo "2552"]
[PlyCount "82"]
[EventDate "2019.10.04"]
[EventType "team"]
[EventRounds "11"]
[EventCountry "AUT"]
[WhiteTeam "Jenbach 2"]
[BlackTeam "Royal Salzburg"]

1. d4 g6 2. Nf3 Bg7 3. g3 c5 4. d5 d6 5. Bg2 b5 6. O-O Nf6 7. Re1 O-O 8. e4 Bb7
9. a4 b4 10. Nbd2 a5 11. c4 Nfd7 12. Ra2 e6 13. b3 Ne5 14. Nxe5 Bxe5 15. Nf3
Bc3 16. dxe6 fxe6 17. Bd2 Bg7 18. e5 dxe5 19. Nxe5 Bxg2 20. Kxg2 Bxe5 21. Rxe5
Nc6 22. Rxe6 Nd4 23. Re4 Qf6 24. Be3 Qc6 25. f3 Rxf3 26. Bxd4 Rf7 27. Rae2 Re8
28. Qd3 Rfe7 29. Kf3 cxd4 30. Qxd4 Re5 31. Qd5+ Rxd5 32. Rxe8+ Kg7 33. R2e7+
Kh6 34. cxd5 Qxd5+ 35. Kf2 Qxb3 36. h4 Qc4 37. Re4 Qc2+ 38. Kf3 Qh2 39. Re1 b3
40. Rb8 Qc2 41. Re7 Qf5+  1/2-1/2

[Event "2. Bundesliga West 2019/20"]
[Site "Kufstein; NMS II, Sporthalle Fischergries"]
[Date "2020.03.07"]
[Round "10"]
[Board "2"]
[White "De Visser, Leon"]
[Black "Reich, Thomas"]
[Result "1/2-1/2"]
[WhiteElo "2224"]
[BlackElo "2376"]
[PlyCount "93"]
[EventDate "2019.10.04"]
[EventType "team"]
[EventRounds "11"]
[EventCountry "AUT"]
[WhiteTeam "Royal Salzburg"]
[BlackTeam "Jenbach 2"]

1. d4 Nf6 2. Bf4 g6 3. Nc3 Bg7 4. e4 d6 5. Qd2 Nc6 6. O-O-O O-O 7. f3 a6 8. Kb1
Qe8 9. Bh6 e5 10. d5 Nd4 11. h4 Nh5 12. Nge2 Nxe2 13. Nxe2 f5 14. exf5 gxf5 15.
Bxg7 Kxg7 16. f4 Qe7 17. Rh3 Nf6 18. Nc3 e4 19. Qd4 Bd7 20. g4 fxg4 21. Re3 c5
22. dxc6 Bxc6 23. Bc4 Rae8 24. Nd5 Bxd5 25. Bxd5 Kh8 26. Rxe4 Qg7 27. Rxe8 Rxe8
28. Bxb7 Ne4 29. Bxe4 Qxd4 30. Rxd4 d5 31. Rxd5 Rxe4 32. b3 Rxf4 33. Rg5 h6 34.
Rg6 Kh7 35. h5 Rf5 36. Rxg4 Rxh5 37. c4 Rf5 38. b4 h5 39. Rd4 Kg6 40. c5 Rf8
41. a4 Rh8 42. b5 axb5 43. axb5 h4 44. Kc2 h3 45. Rd1 Rh5 46. Kb3 Rxc5 47. Kb4
 1/2-1/2

[Event "2. Bundesliga West 2019/20"]
[Site "Kufstein; NMS II, Sporthalle Fischergries"]
[Date "2020.03.07"]
[Round "10"]
[Board "3"]
[White "Pali, Philipp"]
[Black "Durakovic, Alman"]
[Result "1-0"]
[WhiteElo "2249"]
[BlackElo "2292"]
[PlyCount "89"]
[EventDate "2019.10.04"]
[EventType "team"]
[EventRounds "11"]
[EventCountry "AUT"]
[WhiteTeam "Jenbach 2"]
[BlackTeam "Royal Salzburg"]

1. Nf3 Nf6 2. c4 e6 3. g3 b6 4. Bg2 Bb7 5. O-O g6 6. b3 Bg7 7. Bb2 O-O 8. Nc3
d6 9. d4 Ne4 10. Qd3 Nxc3 11. Bxc3 f5 12. Nd2 Bxg2 13. Kxg2 d5 14. Rad1 Nd7 15.
f3 f4 16. e4 c6 17. b4 Rc8 18. Rc1 Qg5 19. a4 c5 20. cxd5 exd5 21. dxc5 bxc5
22. Bxg7 Kxg7 23. bxc5 fxg3 24. hxg3 Nxc5 25. Rxc5 Rxc5 26. Qd4+ Kg8 27. Qxc5
Qxd2+ 28. Rf2 Qd1 29. Qxd5+ Qxd5 30. exd5 Rd8 31. Rd2 Kf7 32. f4 Ke7 33. Kf3
Kd6 34. Kg4 Rc8 35. Kg5 Rc3 36. g4 Rg3 37. Rh2 h5 38. Kxg6 Rxg4+ 39. Kf5 Rg8
40. Rxh5 Kxd5 41. Kf6+ Ke4 42. f5 Rf8+ 43. Ke6 Re8+ 44. Kf7 Re5 45. Kg6  1-0

[Event "2. Bundesliga West 2019/20"]
[Site "Kufstein; NMS II, Sporthalle Fischergries"]
[Date "2020.03.07"]
[Round "10"]
[Board "4"]
[White "Leeb, Simon"]
[Black "Fuchs, Georg"]
[Result "1/2-1/2"]
[WhiteElo "2203"]
[BlackElo "2211"]
[PlyCount "93"]
[EventDate "2019.10.04"]
[EventType "team"]
[EventRounds "11"]
[EventCountry "AUT"]
[WhiteTeam "Royal Salzburg"]
[BlackTeam "Jenbach 2"]

1. d4 Nf6 2. Nc3 d5 3. Bg5 e6 4. e3 Be7 5. Bd3 O-O 6. Nf3 b6 7. h4 Nbd7 8. e4
Bb7 9. e5 Ne4 10. Qe2 Nxc3 11. bxc3 c5 12. Qe3 Re8 13. Rh3 c4 14. Be2 f6 15.
exf6 Bxf6 16. Rg3 e5 17. dxe5 Nxe5 18. Nxe5 Rxe5 19. Qxe5 Bxe5 20. Bxd8 Bxg3
21. Bxb6 Bxh4 22. Bd4 Kf7 23. Bh5+ g6 24. Bf3 Bf6 25. O-O-O Bg5+ 26. Kb2 Bc6
27. Re1 Rb8+ 28. Ka1 a5 29. a3 h5 30. Re5 Bc1 31. Bxd5+ Bxd5 32. Rxd5 Bxa3 33.
Rxa5 Be7 34. Ra6 g5 35. Rc6 h4 36. f3 g4 37. fxg4 Rg8 38. Rc7 Ke6 39. Rxc4 Rxg4
40. Rc6+ Kd5 41. Rh6 Rxg2 42. Rh5+ Kc4 43. Kb2 Bg5 44. Be5 Rg1 45. Bd4 Rg2 46.
Bb6 Be7 47. Bd4  1/2-1/2